000
00380nam a22001577a 4500
003
MPLRDC
005
20220104114326.0
008
210129b ||||| |||| 00| 0 eng d
082
_a
538.82 GLC
100
_a
郭立诚
245
_a
中国民俗史话
_c
260
_a
台湾
_b
大方文化事业公司
_c
300
_b
平
650
_a
中国风俗志
942
_c
BK
_o
538.82 GLC
999
_c
6610
_d
6600